[Event "Petrolina Cordioli Memorial op"]
[Site "Petrolina"]
[Date "2008.10.10"]
[Round "2.18"]
[White "Araujo De Azevedo, Alcides Alexan"]
[Black "Silva, Mateus Amorim"]
[Result "1-0"]
[WhiteElo "2096"]
[BlackElo "1790"]
[PlyCount "25"]
[EventDate "2008.10.09"]
[EventType "swiss"]
[EventRounds "7"]
[EventCountry "BRA"]
[SourceTitle "EXT 2022"]
[Source "ChessBase"]
[SourceDate "2021.10.06"]
[SourceVersion "1"]
[SourceVersionDate "2021.10.06"]
[SourceQuality "1"]

1. c4 c5 2. Nf3 Nc6 3. d4 cxd4 4. Nxd4 Nxd4 5. Qxd4 e6 6. Nc3 Nf6 7. e4 h6 8. Be2 Be7 9. e5 Nh7 10. Be3 f6 11. Bh5+ Kf8 12. Qd3 fxe5 13. Qg6 1-0

[Event "Petrolina Cordioli Memorial op"]
[Site "Petrolina"]
[Date "2008.10.09"]
[Round "1.18"]
[White "Sousa, Clara Cristiane Mig"]
[Black "Araujo De Azevedo, Alcides Alexan"]
[Result "0-1"]
[WhiteElo "1766"]
[BlackElo "2096"]
[PlyCount "96"]
[EventDate "2008.10.09"]
[EventType "swiss"]
[EventRounds "7"]
[EventCountry "BRA"]
[SourceTitle "EXT 2022"]
[Source "ChessBase"]
[SourceDate "2021.10.06"]
[SourceVersion "1"]
[SourceVersionDate "2021.10.06"]
[SourceQuality "1"]

1. Nf3 c5 2. e3 g6 3. g3 Bg7 4. Bg2 d5 5. d4 cxd4 6. exd4 Nc6 7. Nc3 Bg4 8. Be3 e6 9. 0-0 Nge7 10. h3 Bxf3 11. Bxf3 Nf5 12. Bg2 Ncxd4 13. Bxd4 Nxd4 14. Re1 0-0 15. Bf1 Rc8 16. Rb1 a6 17. Bd3 Qd7 18. Re3 e5 19. Ne2 e4 20. Bxe4 dxe4 21. Nxd4 Qxd4 22. Qxd4 Bxd4 23. Rxe4 Rfd8 24. c3 Bc5 25. c4 Rd2 26. Rf4 Re8 27. b4 Bd4 28. Rb3 Ree2 29. Rbf3 f5 30. Kf1 Be5 31. Rh4 Bf6 32. Rhf4 Bg5 33. h4 Bxf4 34. Rxf4 Rxa2 35. Kg2 Re4 36. Rxe4 fxe4 37. Kf1 Ra4 38. b5 Rxc4 39. bxa6 bxa6 40. Ke2 a5 41. Kd2 a4 42. Ke3 a3 43. Kd2 a2 44. Ke3 a1Q 45. Kf4 Qf6+ 46. Ke3 Qf3+ 47. Kd2 Qd3+ 48. Ke1 Rc1# 0-1